000 00589nam a2200193Ia 4500
008 090124s9999 xx 000 0 und d
020 _a81-7185-828-7
082 _b42747
100 _aदळवी प्रशांत
245 _a सेलिब्रेशन
250 _a1
260 _bपॉप्य़ुलर प्रकाशन
_c2004
300 _a65
600 _aदळवी प्रशांत
630 _a सेलिब्रेशन
700 _aदळवी प्रशांत
730 _a सेलिब्रेशन
942 _cBOOK
999 _c108979
_d108979